000 00545nam a2200193Ia 4500
005 20250508163504.0
008 008 250505s9999 xx 000 0 eng d
037 _aTextual
040 _aFEDL
_beng
_cFEDL
041 _aeng
_2eng
084 _a370.1, RED
_qFEDL
100 _aReddy V. Narayan Karan
245 0 _aMan education and values
260 _aDelhi, India
_bB R Publishing Corporation
_c1979
300 _axiv,157p.
650 _aEducation - Philosophy
942 _cTEXL
_h370.1, RED
999 _c1383645
_d1383645